<?xml version="1.0" encoding="UTF-8"?>
<record
    xmlns:xsi="http://www.w3.org/2001/XMLSchema-instance"
    xsi:schemaLocation="http://www.loc.gov/MARC21/slim http://www.loc.gov/standards/marcxml/schema/MARC21slim.xsd"
    xmlns="http://www.loc.gov/MARC21/slim">

  <leader>00934nam a22002177a 4500</leader>
  <controlfield tag="005">20210906121958.0</controlfield>
  <controlfield tag="008">210906b        sp ||||| |||| 00| 0 spa d</controlfield>
  <datafield tag="020" ind1=" " ind2=" ">
    <subfield code="a">8480215186</subfield>
  </datafield>
  <datafield tag="050" ind1="0" ind2="4">
    <subfield code="a">UA789 </subfield>
    <subfield code="b">S65 2005</subfield>
  </datafield>
  <datafield tag="245" ind1="0" ind2="0">
    <subfield code="a">Soldados del rey : </subfield>
    <subfield code="b">el ej&#xE9;rcito borb&#xF3;nico en Am&#xE9;rica colonial en v&#xED;speras de la independencia / </subfield>
    <subfield code="c">Allan J. Kuethe y Juan Marchena F., editores </subfield>
  </datafield>
  <datafield tag="260" ind1=" " ind2=" ">
    <subfield code="a">Castell&#xF3;n de la plana, Espa&#xF1;a : </subfield>
    <subfield code="b">Universitat Jaume I, </subfield>
    <subfield code="c">2005</subfield>
  </datafield>
  <datafield tag="300" ind1=" " ind2=" ">
    <subfield code="a">282 p. : </subfield>
    <subfield code="b">gr&#xE1;ficas, </subfield>
    <subfield code="c">24 cm. </subfield>
  </datafield>
  <datafield tag="490" ind1=" " ind2=" ">
    <subfield code="a">America ; </subfield>
    <subfield code="v">4</subfield>
  </datafield>
  <datafield tag="610" ind1=" " ind2=" ">
    <subfield code="2">lemb</subfield>
    <subfield code="a">Espa&#xF1;a</subfield>
    <subfield code="b">Ej&#xE9;rcito</subfield>
    <subfield code="x">Fuerzas coloniales</subfield>
    <subfield code="z">Am&#xE9;rica Latina</subfield>
    <subfield code="x">Historia</subfield>
  </datafield>
  <datafield tag="650" ind1=" " ind2="7">
    <subfield code="2">lemb</subfield>
    <subfield code="a">Mercenarios</subfield>
    <subfield code="z">Espa&#xF1;a</subfield>
    <subfield code="x">Historia</subfield>
    <subfield code="y">Siglo XVIII</subfield>
  </datafield>
  <datafield tag="651" ind1=" " ind2="7">
    <subfield code="2">lemb</subfield>
    <subfield code="a">Espa&#xF1;a </subfield>
    <subfield code="x">Colonias</subfield>
    <subfield code="z">Am&#xE9;rica</subfield>
    <subfield code="x">Historia</subfield>
    <subfield code="y">Siglo XVIII</subfield>
  </datafield>
  <datafield tag="651" ind1=" " ind2="7">
    <subfield code="2">lemb</subfield>
    <subfield code="a">Espa&#xF1;a</subfield>
    <subfield code="x">Historia</subfield>
    <subfield code="y">Borbones, 1700-</subfield>
  </datafield>
  <datafield tag="700" ind1="1" ind2=" ">
    <subfield code="a">Kuethe, Allan J.,</subfield>
    <subfield code="d">1940- ,</subfield>
    <subfield code="e">editor</subfield>
  </datafield>
  <datafield tag="700" ind1="1" ind2=" ">
    <subfield code="a">Marchena Fern&#xE1;ndez, Juan,</subfield>
    <subfield code="e">editor</subfield>
  </datafield>
  <datafield tag="942" ind1=" " ind2=" ">
    <subfield code="2">lcc</subfield>
    <subfield code="c">LIB</subfield>
  </datafield>
  <datafield tag="999" ind1=" " ind2=" ">
    <subfield code="c">157457</subfield>
    <subfield code="d">157455</subfield>
  </datafield>
  <datafield tag="952" ind1=" " ind2=" ">
    <subfield code="1">0</subfield>
    <subfield code="2">lcc</subfield>
    <subfield code="4">0</subfield>
    <subfield code="7">0</subfield>
    <subfield code="a">INV-033</subfield>
    <subfield code="b">INV-033</subfield>
    <subfield code="c">GENERAL</subfield>
    <subfield code="d">2021-09-06</subfield>
    <subfield code="f">1a ed.</subfield>
    <subfield code="i">H</subfield>
    <subfield code="k">IT</subfield>
    <subfield code="l">0</subfield>
    <subfield code="o">UA789 S65 2005</subfield>
    <subfield code="p">IIH000030472</subfield>
    <subfield code="r">2021-09-06 00:00:00</subfield>
    <subfield code="t">C:1</subfield>
    <subfield code="v">1.00</subfield>
    <subfield code="y">LIB</subfield>
  </datafield>
</record>
